[Event "London Classic FIDE Open"]
[Site "London ENG"]
[Date "2011.12.07"]
[Round "5"]
[White "Wells,P"]
[Black "Alfred,N"]
[Result "1-0"]
[WhiteElo "2492"]
[BlackElo "2294"]

1.d4 Nf6 2.Bg5 Ne4 3.Bf4 d5 4.f3 Nf6 5.e4 e6 6.Nc3 Bb4 7.Qd3 c6 8.Ne2 b6
9.O-O-O Ba6 10.Qe3 Nbd7 11.g4 O-O 12.Kb1 Ne8 13.h4 Nd6 14.Bxd6 Bxd6 15.e5 Be7
16.f4 b5 17.f5 b4 18.Na4 Qa5 19.b3 Bb5 20.Nb2 c5 21.f6 gxf6 22.Ng3 fxe5 23.Nh5 Kh8
24.dxe5 Rg8 25.g5 a6 26.Bd3 Qc7 27.Rde1 c4 28.bxc4 dxc4 29.Bxh7 Kxh7 30.Qe4+ Kh8
31.g6 fxg6 32.Nf4 Qxe5 33.Nxg6+ Rxg6 34.Qxg6 Qg7 35.Qxe6 Bf6 36.Rhg1 Bxb2
37.Rxg7 Bxg7 38.Rg1 Nf6 39.Qf7 Rg8 40.Rxg7 Rxg7 41.Qxf6 Kh7 42.Qf5+ Kh6 43.Qc5 c3
44.a3 Rg4 45.Qf8+ Kh7 46.Qf5+  1-0

[Event "XXXII Crespi Memorial"]
[Site "Milano ITA"]
[Date "2011.12.08"]
[Round "7"]
[White "Cani,G"]
[Black "Gori,A"]
[Result "1/2-1/2"]
[WhiteElo "2174"]
[BlackElo "2087"]

1.d4 Nf6 2.Bg5 Ne4 3.Bh4 d5 4.Nd2 Nd6 5.e3 g6 6.f3 Bg7 7.c3 Nf5 8.Bf2 e5
9.e4 Ne7 10.dxe5 Bxe5 11.Ne2 dxe4 12.Nxe4 Qxd1+ 13.Rxd1 Nbc6 14.Bc5 f5 15.Ng5 h6
16.Nh3 Be6 17.Kf2 Bxa2 18.Nc1 Bf7 19.Bb5 Rd8 20.Nd3 Bd6 21.Bd4 O-O 22.Be3 Kg7
23.Nc5 Nd5 24.Nxb7 Nxe3 25.Kxe3 Ne5 26.Nxd8 Rxd8 27.b4 c6 28.Be2 a5 29.bxa5 Bc5+
30.Rd4 Nc4+ 31.Bxc4 Bxc4 32.Kd2 Bxd4 33.cxd4 Rxd4+ 34.Kc3 c5 35.Rb1 Ba6 36.Rb6 Bf1
37.Rb7+ Kf6 38.Rb6+ Kf7 39.Rb7+ Kf6 40.Rb6+ Kf7 41.Rb7+  1/2-1/2

[Event "Schachbundesliga 2011-12"]
[Site "Hamburg GER"]
[Date "2011.12.10"]
[Round "6"]
[White "Schneider,Il"]
[Black "Bok,B"]
[Result "1/2-1/2"]
[WhiteElo "2472"]
[BlackElo "2488"]

1.d4 Nf6 2.Bg5 Ne4 3.Bf4 d5 4.e3 c5 5.Bd3 Nf6 6.dxc5 Nc6 7.Bb5 Bd7 8.Nc3 e6
9.Bd6 Bxd6 10.cxd6 a6 11.Ba4 b5 12.Bb3 Qb8 13.e4 b4 14.exd5 bxc3 15.dxc6 Bxc6
16.Nf3 cxb2 17.Rb1 Qb4+ 18.Qd2 Qe4+ 19.Qe3 Qb4+ 20.Qd2 Qe4+  1/2-1/2

[Event "Sportaccord WMG Blitz"]
[Site "Beijing CHN"]
[Date "2011.12.13"]
[Round "14"]
[White "Mamedyarov,S"]
[Black "Vachier Lagrave,M"]
[Result "1/2-1/2"]
[WhiteElo "2733"]
[BlackElo "2710"]

1.d4 Nf6 2.Bg5 Ne4 3.h4 c5 4.dxc5 Nc6 5.Nd2 Nxc5 6.e4 d6 7.Ngf3 Bg4 8.c3 g6
9.Be2 Bg7 10.Qc2 Rc8 11.Nb3 Ne6 12.Be3 Qc7 13.Qd2 Bxf3 14.gxf3 Ne5 15.Qd5 O-O
16.h5 g5 17.h6 Bf6 18.Nd4 Nc5 19.Nb5 Qc6 20.Rd1 a6 21.Qxc6 Nxc6 22.Nd4 Nxd4
23.cxd4 Ne6 24.Rg1 Kh8 25.d5 Nf4 26.Bxf4 gxf4 27.Bd3 Bxb2 28.Rb1 Be5 29.Ke2 b5
30.Rgc1 Rc5 31.a4 Rxc1 32.Rxc1 bxa4 33.Rc4 Rg8 34.Rxa4 Rg6 35.Rxa6 Rxh6 36.Ra7 Bf6
37.Ra2 Kg7 38.Rc2 Rh5 39.Rc1 Rg5 40.Rh1 h5 41.Kf1 Kh6 42.Rg1 Rg6 43.Bb5 Bd4
44.Rxg6+ fxg6 45.Be8 g5 46.Bd7 Kg7 47.Kg2 Kf6 48.Be8 h4 49.Bd7 Ke5 50.Bh3 Bc5
51.Kf1 Kd4 52.Ke2 Kc3 53.Bg4 Bd4 54.Bh3  1/2-1/2

[Event "14th Padova Open"]
[Site "Padova ITA"]
[Date "2011.12.13"]
[Round "4"]
[White "Kosic,D"]
[Black "Epishin,V"]
[Result "1/2-1/2"]
[WhiteElo "2502"]
[BlackElo "2543"]

1.d4 Nf6 2.Bg5 Ne4 3.Bf4 d5 4.e3 Nd7 5.Bd3 Ndf6 6.Ne2 Nd6 7.Nbc3 c6 8.Ng3 g6
9.Be5 h5 10.h3 Bg7 11.Qe2 h4 12.Nf1 Bf5 13.Nd2 e6 14.O-O O-O 15.Bxd6 Qxd6
16.Nf3 c5 17.dxc5 Qxc5 18.Nxh4 Ne4 19.Nd1 Nd6 20.Nf3 b5 21.Nd2 Rfc8 22.Nb3 Qb4
23.c3 Bxd3 24.Qxd3 Qa4 25.Nd4 b4 26.Re1 a5 27.Re2 Ne4 28.Rc2 Nc5 29.Qb5 e5
30.cxb4 Qxb4 31.Qxb4 axb4 32.Nb3 Nd3 33.Rd2 e4 34.Kf1 f5 35.g3 Kf7 36.h4 Ke6
37.Ke2 Kd6 38.f3 Rc4 39.fxe4 fxe4 40.Nf2 Bxb2 41.Rad1 Bc3 42.Nxd3 Bxd2 43.Nb2 Rc2
44.Rxd2 Rxd2+ 45.Kxd2 Rxa2 46.Kc2 Ra3 47.Nd1 Ra2+ 48.Nb2 Ra3 49.Nd1 Ra2+
50.Nb2 Ra3  1/2-1/2

[Event "Sportaccord WMG Blindfold w"]
[Site "Beijing CHN"]
[Date "2011.12.15"]
[Round "3"]
[White "Dzagnidze,N"]
[Black "Ju Wenjun"]
[Result "0-1"]
[WhiteElo "2516"]
[BlackElo "2543"]

1.d4 Nf6 2.Bg5 Ne4 3.Bf4 d5 4.e3 Bf5 5.f3 Nd6 6.Nc3 e6 7.Bd3 Bxd3 8.cxd3 Be7
9.Nge2 O-O 10.O-O Nd7 11.e4 c6 12.Rc1 a6 13.Na4 Nb5 14.Qb3 Bg5 15.Bxg5 Qxg5
16.f4 Qe7 17.Nc5 Nxc5 18.dxc5 dxe4 19.dxe4 Rfd8 20.Qe3 Qd7 21.a4 Qd2 22.Kf2 Nc7
23.b3 a5 24.Rc3 Na6 25.h3 h6 26.Qxd2 Rxd2 27.Ke3 Rad8 28.g3 Nb4 29.Rb1 f5
30.exf5 exf5 31.Kf3 Nd5 32.Rcc1 Nf6 33.Rg1 R8d3+ 34.Kf2 Ne4+ 35.Ke1 Re3 36.Rg2 Rexe2+
37.Rxe2 Rxe2+ 38.Kxe2 Nc3+ 39.Kd3 Nxb1 40.Kc2 Kf7 41.Kxb1 Ke6 42.Kc2 Kd5
43.Kd3 Kxc5 44.g4 g6 45.Ke3 b5 46.Kd3 Kb4 47.Kd4 bxa4 48.bxa4 c5+ 49.Ke5 c4
50.h4 c3 51.h5 gxh5 52.gxf5 c2 53.f6 c1=Q 54.f7 Qc8 55.Kf6 Qf8 56.f5 h4  0-1

[Event "European Rapid 2011"]
[Site "Warsaw POL"]
[Date "2011.12.17"]
[Round "5"]
[White "Sotsky,A"]
[Black "Kravtsiv,M"]
[Result "0-1"]
[WhiteElo "2410"]
[BlackElo "2601"]

1.d4 Nf6 2.Bg5 Ne4 3.Bh4 g5 4.Bg3 Bg7 5.e3 d5 6.Nd2 Nxg3 7.hxg3 c5 8.c3 Qb6
9.Qc2 h6 10.f4 cxd4 11.exd4 Qf6 12.Bb5+ Nc6 13.Ne2 Bf5 14.Bd3 Bg4 15.Nf3 O-O-O
16.O-O-O gxf4 17.Nxf4 h5 18.Kb1 e5 19.dxe5 Nxe5 20.Nxe5 Bxd1 21.Qxd1 Qxe5
22.Rxh5 Rxh5 23.Nxh5 Bh6 24.g4 Bg5 25.Qf3 Qe1+ 26.Kc2 Qd2+ 27.Kb3 Rd6 28.Qf5+ Kb8
29.Qe5 Kc7 30.Ng7 Bf4 31.Ne8+ Kd8 32.Qh8 Rb6+ 33.Ka4 Qxd3 34.Ng7+ Kc7 35.Ne8+ Kd7
36.Nf6+ Ke6  0-1

[Event "48th Groningen Open A"]
[Site "Groningen NED"]
[Date "2011.12.28"]
[Round "7.4"]
[White "Ernst,S"]
[Black "Kovchan,A"]
[Result "0-1"]
[WhiteElo "2593"]
[BlackElo "2573"]

1.d4 Nf6 2.Bg5 Ng8 3.Bc1 Nf6 4.Bg5 Ne4 5.Bf4 d5 6.e3 c6 7.Bd3 Qb6 8.Bxe4 dxe4
9.Nd2 Nd7 10.Nxe4 Qxb2 11.Ne2 Qb4+ 12.Nd2 g6 13.O-O Bg7 14.Bc7 b6 15.c4 Ba6
16.Qc2 Rc8 17.Bg3 e5 18.Rab1 Qa3 19.Rb3 Qe7 20.Qb2 Bb7 21.Qa3 Qxa3 22.Rxa3 Ra8
23.Ne4 Bf8 24.c5 f5 25.Ng5 Be7 26.Ne6 Kf7 27.Nc7 Rac8 28.Rxa7 Rxc7 29.dxe5 Rcc8
30.Rxb7 Nxc5 31.Rxb6 Ne6 32.Rfb1 Rhd8 33.h3 Rd2 34.R6b2 Rcd8 35.Nc3 g5 36.Kf1 f4
37.exf4 gxf4 38.Bh2 Bc5 39.Rxd2 Rxd2 40.Ne4 Rc2 41.g4 Bd4 42.Rb7+ Kf8 43.Rb8+ Ke7
44.Rb7+ Kf8 45.Kg2 Bxe5 46.h4 h6 47.Rb6 Ke7 48.a3 c5 49.Rb7+ Kf8 50.Rb5 Ke7
51.Ra5 Bd4 52.Ra7+ Kf8 53.Ra6 Ke7 54.Kf3 Be5 55.Ra7+ Kf8 56.g5 h5 57.Ra5 Nd4+
58.Kg2 Re2 59.Nc3 f3+ 60.Kh3 Bxh2 61.Kxh2 Rxf2+ 62.Kg1 Rg2+ 63.Kf1 Nf5 64.Ra8+ Kf7
65.g6+ Kg7 66.Ra7+ Kh6 67.Ke1 f2+  0-1

[Event "XLI Rilton Cup 2011-12"]
[Site "Stockholm SWE"]
[Date "2011.12.28"]
[Round "2"]
[White "Eriksson,Jor"]
[Black "Golikov,Nikolai"]
[Result "1/2-1/2"]
[WhiteElo "2240"]
[BlackElo "2003"]

1.d4 Nf6 2.Bg5 Ne4 3.Bf4 d5 4.Nd2 Bf5 5.Nxe4 Bxe4 6.e3 e6 7.Nf3 c5 8.Bxb8 Bxf3
9.Qxf3 Qa5+ 10.c3 Rxb8 11.Qg3 Rc8 12.Be2 a6 13.O-O Qc7 14.f4 g6 15.Bd3 c4
16.Bc2 f5  1/2-1/2

[Event "10th Nantes Open"]
[Site "Nantes FRA"]
[Date "2011.12.30"]
[Round "7.6"]
[White "Kukov,V"]
[Black "Pirotais,J"]
[Result "1-0"]
[WhiteElo "2416"]
[BlackElo "2048"]

1.d4 Nf6 2.Bg5 Ne4 3.Bf4 d5 4.e3 g6 5.Bd3 Bg7 6.c4 Nf6 7.Nc3 dxc4 8.Bxc4 O-O
9.Nf3 a6 10.a4 c5 11.O-O cxd4 12.exd4 Bg4 13.d5 Nbd7 14.h3 Bxf3 15.Qxf3 Nh5
16.Bh2 Ne5 17.Qe2 Nxc4 18.Qxc4 Qb6 19.Qe2 Qb4 20.a5 Rfe8 21.Ra4 Qb3 22.Ra3 Qb4
23.Ra4 Qb3 24.Rc4 Rac8 25.Rxc8 Rxc8 26.Qxe7 Bxc3 27.Qd7 Rc5 28.Bd6 Rxd5 29.Qe8+ Kg7
30.Bf8+ Kf6 31.Qe7+  1-0

[Event "1st St Leon-Rot Open"]
[Site "Sankt Leon-Rot GER"]
[Date "2011.12.30"]
[Round "7"]
[White "Vlajic,Andrej"]
[Black "Weller,K"]
[Result "1/2-1/2"]
[WhiteElo "1714"]
[BlackElo "2030"]

1.d4 Nf6 2.Bg5 Ne4 3.Bf4 d5 4.f3 Nf6 5.Nc3 c5 6.e3 a6 7.Nge2 Nc6 8.e4 e6
9.exd5 Nxd5 10.Nxd5 Qxd5 11.dxc5 Qxd1+ 12.Rxd1 Bxc5 13.a3 e5 14.Bg3 Be6 15.Bf2 Bxf2+
16.Kxf2 Ke7 17.Nc3 Nd4 18.Bd3 Rac8 19.Rd2 Rhd8 20.Rhd1 h6 21.Ke1 f6 22.Ne2 f5
23.Nxd4 Rxd4 24.c3 Rd6 25.Bc2 Rcd8 26.Rxd6 Rxd6 27.Rxd6 Kxd6 28.b4 b6 29.Kd2 f4
30.Be4 a5 31.Kd3 g5 32.h3 h5 33.c4 axb4 34.axb4 Bf7 35.Kc3 Be6 36.Bg6 h4
37.Be4 Bf7  1/2-1/2

[Event "Cracovia Open A"]
[Site "Krakow POL"]
[Date "2012.01.03"]
[Round "8.30"]
[White "Llopis de Aysa,M"]
[Black "Wisniowska,K"]
[Result "1/2-1/2"]
[WhiteElo "2156"]
[BlackElo "2100"]

1.d4 Nf6 2.Bg5 Ne4 3.Bf4 d5 4.f3 Nf6 5.e4 dxe4 6.Nc3 exf3 7.Nxf3 g6 8.Bc4 Bg7
9.Qe2 O-O 10.O-O-O c6 11.d5 Qb6 12.Be3 Qb4 13.Bb3 Nxd5 14.Nxd5 cxd5 15.Rxd5 Nc6
16.Rhd1 a6 17.h3 e6 18.Rc5 Na5 19.Kb1 Nxb3 20.axb3 b5 21.Rc7 Qe4 22.Qd2 Bb7
23.Bc5 Rfc8 24.Rxc8+ Rxc8 25.Qd8+ Rxd8 26.Rxd8+ Bf8 27.Rxf8+ Kg7 28.Rxf7+ Kxf7
29.Ng5+ Kf6 30.Nxe4+ Bxe4 31.g3 Bg2 32.h4 Kf5 33.Kc1 e5 34.Bd6 Ke4 35.Kd2 Bh3
36.Bc7 Bf5 37.c3 Be6 38.b4 h5 39.Bb8 Bb3 40.Bc7 Ba4 41.Bb8 Bb3 42.Bc7  1/2-1/2

[Event "5th Costa Viola Open A"]
[Site "Palmi ITA"]
[Date "2012.01.05"]
[Round "7"]
[White "Damia,A"]
[Black "Petkov,V"]
[Result "0-1"]
[WhiteElo "2303"]
[BlackElo "2519"]

1.d4 Nf6 2.Bg5 Ne4 3.h4 d5 4.Nd2 Nxg5 5.hxg5 c5 6.dxc5 e5 7.e4 d4 8.Ngf3 Qc7
9.g6 fxg6 10.Nh4 Qf7 11.Ndf3 Nc6 12.Bb5 Qf6 13.Nxe5 Qxe5 14.Nxg6 Qxe4+ 15.Qe2 Qxe2+
16.Kxe2 hxg6 17.Rxh8 Bf5 18.Kd2 Kf7 19.Re1 Rc8 20.f3 Bxc5 21.Bc4+ Kf6 22.Rxc8 Bxc8
23.a3 Ne5 24.Bd5 g5 25.b4 Bb6 26.c4 Bc7 27.Re4 d3 28.Rd4 Ng6 29.Be4 Nf4 30.Bxd3 Nxg2
31.Be4 Nf4 32.c5 b6 33.cxb6 Bxb6 34.Rd6+ Ke5 35.Rc6 Bd7 36.Rc4 g4 37.Bh7 g3
38.Re4+ Kd6 39.Rxf4 g2  0-1

[Event "24th Staufer-Open"]
[Site "Schwaebisch Gmuend GER"]
[Date "2012.01.05"]
[Round "7"]
[White "Manakov,I"]
[Black "Meijers,V"]
[Result "0-1"]
[WhiteElo "2340"]
[BlackElo "2477"]

1.d4 Nf6 2.Bg5 Ne4 3.Bf4 d6 4.f3 Nf6 5.e4 e5 6.dxe5 Nh5 7.Be3 dxe5 8.Qxd8+ Kxd8
9.Bc4 f6 10.Ne2 g6 11.Nd2 Nd7 12.O-O Bc5 13.Bxc5 Nxc5 14.Rfd1 Ke7 15.Nf1 c6
16.b4 Be6 17.Bxe6 Nxe6 18.g3 Nhg7 19.Ne3 Rhd8 20.Kf2 Rxd1 21.Rxd1 a5 22.a3 axb4
23.axb4 Ne8 24.c3 Nd6 25.Rd2 b5 26.Rc2 h5 27.h4 f5 28.exf5 gxf5 29.Ng2 Nc7
30.Ne3 Ne6 31.Ng2 Ra1 32.Ne3 Ra6 33.Ng2 Nc4 34.Ne3 Nxe3 35.Kxe3 Ra1 36.Kf2 Ra3
37.Ke3 Nc7 38.Kd2 Nd5 39.Nc1 Kd6 40.Ne2 c5 41.bxc5+ Kxc5 42.Nc1 e4 43.fxe4 fxe4
44.Ne2 Kc4 45.Nf4 Rxc3 46.Rxc3+ Nxc3 47.g4 b4 48.g5 Nd5 49.g6 e3+ 50.Kc1 Nf6
51.g7 b3 52.Nxh5 e2 53.Kd2 Ng8  0-1

[Event "78th ch-BLR 2012"]
[Site "Minsk BLR"]
[Date "2012.01.14"]
[Round "3.4"]
[White "Gorovets,A"]
[Black "Grib,R"]
[Result "1-0"]
[WhiteElo "2428"]
[BlackElo "2303"]

1.d4 Nf6 2.Bg5 Ne4 3.Bf4 d5 4.e3 c6 5.Bd3 Nd6 6.Nd2 g6 7.h4 Bg7 8.h5 b6 9.Be5 O-O
10.Qf3 Nd7 11.Bxg7 Kxg7 12.Qf4 Rh8 13.Ngf3 f6 14.h6+ Kg8 15.e4 Nf7 16.O-O-O Bb7
17.e5 fxe5 18.Nxe5 Ndxe5 19.dxe5 e6 20.Nf3 c5 21.Rh3 d4 22.Be4 Bxe4 23.Qxe4 Qd5
24.Qxd5 exd5 25.c3 dxc3 26.e6 cxb2+ 27.Kxb2 Nd8 28.Ng5 d4 29.Re1 Nc6 30.e7 Re8
31.Rf3 Rxe7 32.Re6 d3 33.Rxc6  1-0

[Event "50th TCh-DEN XtraCon 2011-12"]
[Site "Denmark DEN"]
[Date "2012.01.15"]
[Round "5.5"]
[White "Bank,P"]
[Black "Pedersen,Christo"]
[Result "1-0"]
[WhiteElo "2241"]
[BlackElo "2078"]

1.d4 Nf6 2.Bg5 Ne4 3.Bf4 c5 4.f3 Qa5+ 5.c3 Nf6 6.d5 Qb6 7.e4 Qxb2 8.Nd2 Nh5
9.Be5 Qa3 10.Nc4 Qa6 11.Nd6+ exd6 12.Bxa6 Nxa6 13.Bg3 Nxg3 14.hxg3 Nc7 15.Ne2 b6
16.a4 g6 17.Qd2 Bg7 18.Qf4 Ke7 19.g4 Ba6 20.Qg5+ Bf6 21.Qd2 Rae8 22.Kf2 Bc4
23.g5 Bg7 24.Rh3 Kd8 25.Ng3 f6 26.Rah1 h5 27.gxh6 Bf8 28.Qf4 f5 29.exf5 Bxd5
30.fxg6 Be7 31.Nf5 Ne6 32.Qd2 Bb3 33.Nxd6 Kc7 34.Nxe8+ Rxe8 35.Rh5 Bd6 36.g3 Nf8
37.Rg5 Ne6 38.Rg4 Be5 39.Re1 Bf6 40.g7  1-0

[Event "11th Prague Open A"]
[Site "Prague CZE"]
[Date "2012.01.17"]
[Round "5"]
[White "Constantinou,Pe"]
[Black "Blechzin,I"]
[Result "1/2-1/2"]
[WhiteElo "2274"]
[BlackElo "2442"]

1.d4 Nf6 2.Bg5 Ne4 3.Bf4 c5 4.f3 Nf6 5.dxc5 Na6 6.e4 Nxc5 7.Nc3 d6 8.Bc4 Be6
9.Bxe6 Nxe6 10.Be3 g6 11.Nge2 Bg7 12.O-O O-O 13.a4 a6 14.a5 Nd7 15.Nd5 Nc7
16.c4 Nxd5 17.cxd5 Bxb2 18.Rb1 Bg7 19.Rxb7 Nc5 20.Rb6 Nd7 21.Rb7 Nc5 22.Rb6 Nb7
23.Rxb7 Qc8 24.Bc5 Qd8 25.Be3  1/2-1/2

[Event "11th Prague Open A"]
[Site "Prague CZE"]
[Date "2012.01.18"]
[Round "7"]
[White "Constantinou,Pe"]
[Black "Crespo De Oliveira,Lucas"]
[Result "0-1"]
[WhiteElo "2274"]
[BlackElo "2120"]

1.d4 Nf6 2.Bg5 Ne4 3.Bf4 c5 4.f3 Qa5+ 5.c3 Nf6 6.Nd2 cxd4 7.Nb3 Qd8 8.cxd4 a5
9.e4 a4 10.Nd2 a3 11.b3 e6 12.Bd3 Nc6 13.Ne2 Be7 14.Rc1 O-O 15.Be3 Nb4 16.Bb1 b6
17.O-O Ba6 18.Nc4 d5 19.Ne5 Rc8 20.Qd2 Rxc1 21.Rxc1 Qa8 22.Bg5 dxe4 23.Bxf6 gxf6
24.Bxe4 Qd8 25.Nc4 f5 26.Bb1 Nd5 27.g3 Bg5 28.f4 Be7 29.Rd1 Bb4 30.Qc1 Qc7
31.Bd3 Rc8 32.Ne5 Bxd3 33.Nxd3 Qc2 34.Qxc2 Rxc2 35.Ndc1 Bd2 36.Kf2 Bxc1 37.Rxc1 Rxa2
38.Kf3 Rb2  0-1

[Event "10th Parsvnath Open"]
[Site "New Delhi IND"]
[Date "2012.01.19"]
[Round "7.24"]
[White "Bitoon,R"]
[Black "Prince,Ba"]
[Result "1/2-1/2"]
[WhiteElo "2515"]
[BlackElo "2222"]

1.d4 Nf6 2.Bg5 Ne4 3.Bf4 d5 4.f3 Nf6 5.Nc3 e6 6.e4 c5 7.Nb5 Na6 8.e5 Nd7
9.c3 Nab8 10.Nh3 Nc6 11.Qd2 cxd4 12.cxd4 Bb4 13.Nc3 Nb6 14.Nf2 Bd7 15.b3 Rc8
16.Nfd1 Qe7 17.Be2 O-O 18.Bg5 f6 19.Bh4 g5 20.exf6 Qxf6 21.Bxg5 Qxd4 22.a3 Bd6
23.Ra2 Qxd2+ 24.Bxd2 Nd4 25.b4 Nxe2 26.Kxe2 Nc4 27.Be1 Ne5 28.Bf2 Ng6 29.Bxa7 Be5
30.Kd2 Bf4+ 31.Ke2 Be5 32.Bc5 Rf7 33.Rd2 Bxc3 34.Nxc3 b6 35.Bd4 e5 36.Nxd5 exd4
37.Nxb6 Bb5+ 38.Kf2 Rb8 39.a4 Rxb6 40.axb5 Rxb5 41.Rxd4 Rf4 42.Rd8+  1/2-1/2

[Event "TCh-LTU 2012"]
[Site "Lithuania LTU"]
[Date "2012.01.22"]
[Round "2"]
[White "Setikiene,Grazina"]
[Black "Burstein,R"]
[Result "0-1"]
[WhiteElo "1914"]
[BlackElo "2303"]

1.d4 Nf6 2.Bg5 Ne4 3.Bh4 c5 4.c3 Qb6 5.Nd2 Nxd2 6.Qxd2 cxd4 7.Nf3 dxc3 8.Qxc3 Nc6
9.e3 d5 10.Be2 e5 11.O-O Bb4 12.Qc2 O-O 13.a3 Bd6 14.Rfd1 e4 15.Nd4 Nxd4
16.Rxd4 Be6 17.Rc1 Rac8 18.Qb1 Rxc1+ 19.Qxc1 Rc8 20.Qd2 Bc5 21.Ra4 Qc6 22.Qd1 Bd7
23.Ra5 Be6 24.h3 a6 25.b4 Bb6 26.b5 Qc1 27.Ra4 Qxd1+ 28.Bxd1 Rc1 29.bxa6 Rxd1+
30.Kh2 bxa6 31.Rxa6 Bc7+ 32.g3 h6 33.Be7 d4 34.Bc5 d3 35.Ra7 d2 36.Bb4 Rh1+  0-1

[Event "10th Parsvnath Open"]
[Site "New Delhi IND"]
[Date "2012.01.22"]
[Round "10.23"]
[White "Siddharth,R"]
[Black "Prince,Ba"]
[Result "1-0"]
[WhiteElo "2398"]
[BlackElo "2222"]

1.d4 Nf6 2.Bg5 Ne4 3.Bf4 d5 4.e3 c5 5.Bd3 Nf6 6.dxc5 Nc6 7.Bb5 e6 8.b4 a5
9.c3 Nd7 10.Qa4 Na7 11.Na3 Be7 12.Nf3 O-O 13.O-O Bf6 14.Rac1 Nc6 15.Rfd1 Nce5
16.Be2 Nxf3+ 17.Bxf3 Ne5 18.Be2 Bd7 19.b5 Rc8 20.e4 Rxc5 21.Be3 Rc8 22.exd5 exd5
23.c4 dxc4 24.Nxc4 Nxc4 25.Rxc4 Rxc4 26.Bxc4 Qc8 27.Rc1 Qd8 28.Rd1 g6 29.Bc5 Be7
30.Be3 Bf6 31.Bc5 Be7 32.Bxe7 Qxe7 33.Qxa5 Rc8 34.Bf1 Be6 35.Qa7 Rc2 36.a4 Qc5
37.Qxc5 Rxc5 38.a5 Rc2 39.Ra1 Bd5 40.a6 bxa6 41.bxa6 Rc8 42.g3 Ra8 43.Bg2 Bxg2
44.Kxg2  1-0

[Event "Gibraltar Open"]
[Site "Caleta ENG"]
[Date "2012.01.25"]
[Round "2.96"]
[White "Walton,A"]
[Black "Marano,S"]
[Result "1-0"]
[WhiteElo "2161"]
[BlackElo "1967"]

1.d4 Nf6 2.Bg5 Ne4 3.Bf4 e6 4.f3 Bd6 5.Bxd6 Nxd6 6.e4 f5 7.e5 Nf7 8.f4 O-O
9.Nf3 d6 10.Nc3 c5 11.dxc5 dxe5 12.Qxd8 Rxd8 13.fxe5 Nc6 14.Bc4 Nfxe5 15.Nxe5 Nxe5
16.Bb3 Nc6 17.O-O Na5 18.Rad1 Rf8 19.Ba4 Nc4 20.Rd4 Ne3 21.Rf3 e5 22.Bb3+ Kh8
23.Re4 Ng4 24.Rxg4 f4 25.Rg5 Bf5 26.Rxf5 Rxf5 27.Bd5 Rb8 28.Ne4 Rff8 29.Rb3 b6
30.c6 Rbe8 31.Rc3 Re7 32.Nd6 g5 33.c7  1-0

[Event "Gibraltar Open"]
[Site "Caleta ENG"]
[Date "2012.01.26"]
[Round "3.91"]
[White "Peredy,F"]
[Black "Nwachukwu,Chino"]
[Result "1-0"]
[WhiteElo "2180"]
[BlackElo "1926"]

1.d4 Nf6 2.Bg5 Ne4 3.Bf4 g6 4.f3 Nf6 5.e4 d6 6.Nc3 Bg7 7.Qd2 Nbd7 8.Bh6 O-O
9.O-O-O c6 10.h4 Bxh6 11.Qxh6 Kh8 12.h5 Ng8 13.Qd2 b5 14.Nh3 Ndf6 15.hxg6 fxg6
16.Ne2 Bxh3 17.Rxh3 e5 18.Kb1 Nh5 19.Qc3 Qe8 20.g3 exd4 21.Rxd4 Qe5 22.f4 Qg7
23.Qxc6 a6 24.Bg2 Rfc8 25.Qxd6 Rd8 26.Qb4 a5 27.Qd2 Rxd4 28.Qxd4 Qxd4 29.Nxd4 b4
30.Bf3 Ng7 31.c3 Ne7 32.Kc2 bxc3 33.bxc3 Ne8 34.e5  1-0

[Event "Gibraltar Open"]
[Site "Caleta ENG"]
[Date "2012.01.28"]
[Round "5.112"]
[White "Peltomaki,J"]
[Black "Bernula,Istvan"]
[Result "1/2-1/2"]
[WhiteElo "2051"]
[BlackElo "1880"]

1.d4 Nf6 2.Bg5 Ne4 3.Bf4 c5 4.f3 Qa5+ 5.c3 Nf6 6.d5 d6 7.e4 g6 8.Nd2 Bg7
9.Nc4 Qd8 10.Qd2 b5 11.Na3 a6 12.Nc2 h6 13.g4 g5 14.Be3 Nbd7 15.h4 gxh4 16.Rxh4 Ng8
17.Rh1 Ne5 18.g5 hxg5 19.Rxh8 Bxh8 20.Bxg5 Bf6 21.Bxf6 Nxf6 22.Qh6 Kd7 23.Qg7 Qg8
24.Qxg8 Nxg8 25.a4 bxa4 26.Rxa4 Kc7 27.Kd2 Nf6 28.Ke3 Kb6 29.Ra2 Bd7 30.Na3 Rg8
31.Ne2 Bb5 32.Nxb5 axb5 33.b3 Rh8 34.Ng3 Ng6 35.b4 c4 36.Nf5 Rh1 37.Ng3 Rh8
38.Nf5 Rb8 39.Nd4 Ne8 40.Nxb5 Kxb5 41.Ra5+ Kb6 42.Bxc4 Nc7 43.Be2 Ra8 44.Rxa8 Nxa8
45.Bd3 Nc7 46.Bf1 f6 47.c4 Na6 48.c5+ dxc5 49.Bxa6 Kxa6 50.bxc5 Kb5 51.c6 Kb6
52.f4 Kc7 53.Kf3 e6 54.dxe6 Kxc6 55.Kg4 Ne7 56.Kh5 Kd6  1/2-1/2

[Event "17th HIT Open A"]
[Site "Nova Gorica SLO"]
[Date "2012.01.28"]
[Round "2"]
[White "Martinovic,Sa"]
[Black "Rusjan,D"]
[Result "1-0"]
[WhiteElo "2505"]
[BlackElo "2093"]

1.d4 Nf6 2.Bg5 Ne4 3.Bf4 d5 4.e3 Bf5 5.f3 Nf6 6.c4 c6 7.Nc3 e6 8.Qb3 Qb6
9.c5 Qxb3 10.axb3 a6 11.g4 Bg6 12.b4 Nfd7 13.Bg3 Be7 14.h4 h6 15.Nh3 Bf6
16.Nf4 e5 17.Nxg6 fxg6 18.O-O-O Kf7 19.f4 exd4 20.exd4 Nf8 21.Bg2 Ne6 22.Rhe1 a5
23.Nxd5 axb4 24.Kb1 Rd8 25.Nxf6 gxf6 26.f5 gxf5 27.gxf5 Ng7 28.Be4 Na6 29.Bd6 Ne8
30.Bf4 h5 31.Rg1 Ng7 32.Rd2 Rd7 33.Bh6 Rg8 34.Rdg2 Kf8 35.Rg6 Rf7 36.Bd3 Nc7
37.Bc4 Nd5 38.Bxd5 cxd5 39.Kc2  1-0

[Event "TCh-BEL 2011-12"]
[Site "Belgium BEL"]
[Date "2012.01.29"]
[Round "7.8"]
[White "Kartsev,So"]
[Black "Van den Brande,W"]
[Result "1/2-1/2"]
[WhiteElo "2183"]
[BlackElo "2225"]

1.d4 Nf6 2.Bg5 Ne4 3.Bf4 d5 4.Nd2 c5 5.Nxe4 dxe4 6.e3 Qb6 7.dxc5 Qxc5 8.Qd4 Qxd4
9.exd4 g6 10.f3 exf3 11.Nxf3 Bg7 12.Bc4 O-O 13.Be5 Bxe5 14.Nxe5 Nc6 15.Nxc6 bxc6
16.O-O Rb8 17.b3 Kg7 18.Rae1 e6 19.c3 Rb6 20.Re5 Ba6 21.Bxa6 Rxa6 22.Rf2 Rd8
23.Rc5 Rd5 24.Rc4 e5 25.dxe5 Rxe5 26.g3 c5 27.Rcf4 f5 28.Kg2 Re3 29.Rc4 Re5
30.h4 h6 31.g4 fxg4 32.Rxg4 Re3 33.Rc4 Re5 34.Rcf4 Re7 35.Rd2 Rae6 36.Rd5 Re2+
37.Rf2 R2e4 38.h5 Rg4+ 39.Kf3 Rg5 40.Rxg5 hxg5 41.Kg4 Kh6 42.hxg6 Kxg6 43.c4 Re4+
44.Kg3 Re3+ 45.Kg4  1/2-1/2

[Event "TCh-CZE Liga1 Vychod"]
[Site "Czech Rep CZE"]
[Date "2012.01.29"]
[Round "7.4"]
[White "Pavelka,J"]
[Black "Obsivac,J"]
[Result "0-1"]
[WhiteElo "2259"]
[BlackElo "2274"]

1.d4 Nf6 2.Bg5 Ne4 3.h4 c5 4.d5 Qb6 5.Nd2 Nxg5 6.hxg5 Qxb2 7.e4 g6 8.Rb1 Qg7
9.Rb3 d6 10.Bb5+ Kd8 11.Ngf3 h6 12.e5 hxg5 13.Rxh8 Qxh8 14.exd6 exd6 15.Nxg5 Qe5+
16.Nde4 Kc7 17.Re3 Qd4 18.Qxd4 cxd4 19.Re2 Nd7 20.Nxf7 a6 21.Bd3 b5 22.Neg5 Bb7
23.Bxg6 Nf6 24.Ne6+ Kb6 25.Nxd4 Bxd5 26.a3 Bxg2 27.f3 Bh3 28.Ng5 Bd7 29.Nge6 Bh6
30.Nf5 Bc1 31.a4 Ba3 32.axb5 Bb4+ 33.Kf2 Bxb5 34.c4 Bxc4 35.Rb2 a5 36.Nf4 Kc7
37.Rc2 Bc5+ 38.Ke1 Bb3 39.Rc3 a4 40.Nd3 Kb6 41.Nxc5 dxc5 42.Ne3 Kb5 43.Bd3+ Kb4
44.Kd2 Rc8 45.Bc4 Rd8+ 46.Rd3 Rxd3+ 47.Bxd3 c4 48.Bxc4 Bxc4 49.Kc2 Bb3+ 50.Kb2 a3+
51.Kb1 Kc3 52.f4 Kd3 53.Nf5 Nd5 54.Nd6 Nb4 55.Nb7 Kd4 56.Na5 Bd5 57.f5 Ke5
58.f6 Kxf6  0-1

[Event "34th Tringov Memorial"]
[Site "Plovdiv BUL"]
[Date "2012.02.03"]
[Round "7.10"]
[White "Popchev,M"]
[Black "Pavlidis,Ana"]
[Result "0-1"]
[WhiteElo "2463"]
[BlackElo "2359"]

1.d4 Nf6 2.Bg5 Ne4 3.Bh4 c5 4.f3 g5 5.fxe4 gxh4 6.e3 Bh6 7.Bc4 e6 8.c3 Bxe3
9.d5 Qg5 10.Nf3 Qxg2 11.Rf1 Qxb2 12.Ne5 Qc1 13.Rxf7 Rf8 14.dxe6 dxe6 15.Rxh7 Bf2+
16.Ke2 Qe3+  0-1

[Event "Bronshoj Lang Weekend 2012"]
[Site "Copenhagen DEN"]
[Date "2012.02.10"]
[Round "1"]
[White "Borbjerggaard,L"]
[Black "Christensen,Es"]
[Result "1-0"]
[WhiteElo "2339"]
[BlackElo "2018"]

1.d4 Nf6 2.Bg5 Ne4 3.Bf4 d6 4.f3 Nf6 5.e4 g6 6.Nc3 Bg7 7.Qd2 O-O 8.Bc4 c6
9.Bb3 b5 10.Nge2 a5 11.a3 Na6 12.Bh6 e5 13.h4 b4 14.Nd1 Bb7 15.h5 Kh8 16.hxg6 fxg6
17.Bxg7+ Kxg7 18.Qh6+ Kh8 19.Qxg6 Qe8 20.Qh6 d5 21.Ne3 exd4 22.Nf5 Qd7 23.Nf4 Rf7
24.Ng6+ Kg8 25.Qg7+ Rxg7 26.Nh6+  1-0

[Event "4th Coral Colon IM"]
[Site "Sabadell ESP"]
[Date "2012.02.10"]
[Round "1"]
[White "Avila Jimenez,J"]
[Black "Lorenzo de la Riva,L"]
[Result "0-1"]
[WhiteElo "2329"]
[BlackElo "2412"]

1.d4 Nf6 2.Bg5 Ne4 3.Bf4 d5 4.f3 Nf6 5.Nc3 e6 6.e4 Bb4 7.Qd3 O-O 8.e5 Nfd7
9.Nh3 Be7 10.O-O-O c5 11.dxc5 Nc6 12.Re1 b6 13.cxb6 Nc5 14.Qd2 Qxb6 15.Bg5 Rb8
16.Nd1 Na4 17.Bxe7 Nxe7 18.Qe3 Nc5 19.Qc3 Bd7 20.Nhf2 Rfc8 21.Nd3 Nf5 22.Nxc5 Rxc5
23.Qd3 Ra5 24.Qb3 Qd8 25.Qc3 d4 26.Qd2 Rxa2 27.Kb1 Ra4 28.b3 Rab4 29.Nb2 Ne3
30.Bc4 Qc7 31.Re2 a5 32.Nd3 R4b6 33.Nb2 Rb4 34.Nd3 Nxc4 35.Qg5 Na3+ 36.Ka2 Nb5
37.Nxb4 axb4 38.Qd2 Qa5+  0-1

[Event "TCh-BEL 2011-12"]
[Site "Belgium BEL"]
[Date "2012.02.12"]
[Round "8.5"]
[White "Kaufeld,J"]
[Black "Georgiev,Vl"]
[Result "0-1"]
[WhiteElo "2261"]
[BlackElo "2574"]

1.d4 Nf6 2.Bg5 Ne4 3.h4 d5 4.Nd2 Nxg5 5.hxg5 c5 6.e3 Nc6 7.c3 cxd4 8.exd4 Bf5
9.Qb3 Rb8 10.f4 e6 11.Ngf3 Bd6 12.g3 O-O 13.Nh4 Bg4 14.Qc2 f5 15.Ndf3 b5
16.Qh2 b4 17.c4 b3 18.c5 Qa5+ 19.Qd2 Bc7 20.a3 e5 21.fxe5 Qxd2+ 22.Kxd2 f4
23.Bh3 Bxh3 24.Rxh3 fxg3 25.Rxg3 Rf4 26.Ng2 Re4 27.Kd3 Nxd4 28.Nxd4 Bxe5
29.Nc6 Bxg3 30.Nxb8 Bxb8 31.Ne3 Be5 32.c6 Kf7 33.Rc1 Rd4+ 34.Ke2 Bc7 35.Rc5 Ke6
36.Rb5 Bb6 37.Rxb3 Re4 38.c7 Kd7 39.Kf3 Rxe3+ 40.Rxe3 Bxe3  0-1